[Event "Krasnodar 11"]
[Site "Krasnodar"]
[Date "2004.11.??"]
[Round "9"]
[White "Bedia, Melor"]
[Black "Vakhnov, Aleksey"]
[Result "0-1"]
[WhiteElo "2164"]
[BlackElo "2389"]
[PlyCount "59"]
[EventDate "2004.11.??"]
[EventType "swiss"]
[EventRounds "11"]
[EventCountry "RUS"]
[SourceTitle "EXT 2006"]
[Source "ChessBase"]
[SourceDate "2005.11.24"]
[SourceVersion "1"]
[SourceVersionDate "2005.11.24"]
[SourceQuality "1"]

1. d4 Nf6 2. c4 e6 3. Nf3 d5 4. Nc3 Be7 5. Bg5 0-0 6. e3 h6 7. Bh4 b6 8. cxd5 exd5 9. Be2 Be6 10. 0-0 Ne4 11. Bxe7 Qxe7 12. Nxe4 dxe4 13. Ne5 Nd7 14. Nc6 Qd6 15. Qc2 Bd5 16. Rac1 a5 17. a3 Rfe8 18. b4 Re6 19. Bg4 Qxc6 20. Qxc6 Rxc6 21. Bxd7 Rxc1 22. Rxc1 axb4 23. axb4 Kf8 24. f3 exf3 25. gxf3 Bxf3 26. Rxc7 Ra2 27. Bb5 Rg2+ 28. Kf1 Rxh2 29. e4 g5 30. e5 0-1

[Event "Krasnodar II"]
[Site "Krasnodar"]
[Date "2003.??.??"]
[Round "?"]
[White "Skorchenko, Dmitry"]
[Black "Vakhnov, Aleksey"]
[Result "0-1"]
[WhiteElo "2436"]
[BlackElo "2340"]
[PlyCount "84"]
[EventDate "2003.??.??"]
[EventType "tourn"]
[EventRounds "13"]
[EventCountry "RUS"]
[EventCategory "5"]
[SourceTitle "EXT 2005"]
[Source "ChessBase"]
[SourceDate "2004.11.15"]
[SourceVersion "1"]
[SourceVersionDate "2004.11.15"]
[SourceQuality "1"]

1. e4 c6 2. d4 d5 3. exd5 cxd5 4. c4 Nf6 5. Nc3 e6 6. Nf3 Be7 7. cxd5 Nxd5 8. Bc4 Nxc3 9. bxc3 Nc6 10. 0-0 0-0 11. Re1 b6 12. Bd3 Bb7 13. h4 Rc8 14. Ng5 h6 15. Qh5 Qe8 16. Nh7 f5 17. Qe2 Kxh7 18. Qxe6 Bxh4 19. Bxf5+ g6 20. g3 Rg8 21. Qd7+ Qxd7 22. Bxd7 Bf6 23. Bxc8 Bxc8 24. f4 Rd8 25. Ba3 Kg7 26. Rad1 Kf7 27. d5 Bg4 28. Rd3 Bf5 29. Rdd1 Na5 30. Bc1 Nc4 31. Rf1 Bxc3 32. Rf2 b5 33. Rh2 h5 34. Kf1 a5 35. a3 Rd7 36. Ra2 Ke7 37. Kf2 Kd6 38. Be3 Nxe3 39. Kxe3 Kc5 40. Rc1 Kc4 41. Kf2 Rxd5 42. Re2 b4 0-1

[Event "Sarkisov Memorial op"]
[Site "Krasnodar"]
[Date "2002.??.??"]
[Round "?"]
[White "Vakhnov, Aleksey"]
[Black "Alavkin, Arseny Nailievich"]
[Result "0-1"]
[WhiteElo "2362"]
[BlackElo "2498"]
[PlyCount "44"]
[EventDate "2002.04.??"]
[EventType "swiss"]
[EventRounds "9"]
[EventCountry "RUS"]
[SourceTitle "EXT 2003"]
[Source "ChessBase"]
[SourceDate "2002.11.25"]
[SourceVersion "1"]
[SourceVersionDate "2002.11.25"]
[SourceQuality "1"]

1. e4 e6 2. d4 d5 3. Nd2 Nf6 4. e5 Nfd7 5. f4 c5 6. c3 Nc6 7. Ndf3 Qb6 8. g3 Be7 9. Ne2 f6 10. Bh3 cxd4 11. cxd4 0-0 12. Bxe6+ Kh8 13. exf6 Bb4+ 14. Kf1 Nxf6 15. Bxc8 Raxc8 16. Kg2 Ne4 17. Rf1 Bd6 18. b3 Ne7 19. Qd3 Nf5 20. Bb2 Rc2 21. Bc1 Rfc8 22. Ne1 Qxd4 0-1

[Event "Sarkisov Memorial op"]
[Site "Krasnodar"]
[Date "2002.??.??"]
[Round "?"]
[White "Vakhnov, Aleksey"]
[Black "Sirotine, Konstantin"]
[Result "0-1"]
[WhiteElo "2362"]
[BlackElo "2227"]
[PlyCount "119"]
[EventDate "2002.04.??"]
[EventType "swiss"]
[EventRounds "9"]
[EventCountry "RUS"]
[SourceTitle "EXT 2003"]
[Source "ChessBase"]
[SourceDate "2002.11.25"]
[SourceVersion "1"]
[SourceVersionDate "2002.11.25"]
[SourceQuality "1"]

1. e4 e6 2. d3 d5 3. Nd2 c5 4. Ngf3 Nf6 5. g3 Nc6 6. Bg2 Be7 7. 0-0 b6 8. Re1 Bb7 9. c3 Qc7 10. Nf1 0-0-0 11. e5 Nd7 12. d4 Kb8 13. a3 c4 14. h4 h6 15. Bf4 Na5 16. N1h2 Bc6 17. Ng4 Nb3 18. Rb1 Ba4 19. Qe2 Qc6 20. h5 b5 21. Ne3 Nb6 22. g4 a6 23. Bg3 Kc7 24. Bh4 Qd7 25. Bxe7 Qxe7 26. Nc2 Rdg8 27. Qe3 g6 28. Qf4 Nd7 29. Re2 gxh5 30. gxh5 Rg7 31. Kh2 Nf8 32. Bh3 Nh7 33. Ne3 Ng5 34. Ng4 Nxf3+ 35. Qxf3 Qg5 36. Qf6 Qxf6 37. Nxf6 b4 38. f4 Kd8 39. Rf2 Bd7 40. Rbf1 bxc3 41. bxc3 Ke7 42. f5 Rg5 43. Nxd7 Kxd7 44. fxe6+ fxe6 45. Rf7+ Kc6 46. R1f6 Kb5 47. Rxe6 Rxh5 48. Rd6 Nd2 49. Rxd5+ Ka4 50. Rf5 Rg8 51. e6 Nf3+ 52. Rxf3 Rxd5 53. Re3 Kxa3 54. Bg2 Rh5+ 55. Kg1 Rhg5 56. Re2 Kb3 57. e7 a5 58. d5 Rxd5 59. e8Q Rxe8 60. Rxe8 0-1

[Event "Sarkisov Memorial op"]
[Site "Krasnodar"]
[Date "2002.??.??"]
[Round "?"]
[White "Zhukov, Viktor Andreevich"]
[Black "Vakhnov, Aleksey"]
[Result "0-1"]
[WhiteElo "2220"]
[BlackElo "2362"]
[PlyCount "100"]
[EventDate "2002.04.??"]
[EventType "swiss"]
[EventRounds "9"]
[EventCountry "RUS"]
[SourceTitle "EXT 2003"]
[Source "ChessBase"]
[SourceDate "2002.11.25"]
[SourceVersion "1"]
[SourceVersionDate "2002.11.25"]
[SourceQuality "1"]

1. d4 Nf6 2. c4 g6 3. Nc3 Bg7 4. e4 0-0 5. f4 d6 6. Nf3 c5 7. d5 e6 8. Be2 exd5 9. e5 dxe5 10. fxe5 Ng4 11. Bg5 Qa5 12. 0-0 d4 13. Nd5 Nc6 14. a3 Ne3 15. Qc1 Nxd5 16. cxd5 Nxe5 17. Nxe5 Bxe5 18. Be7 Re8 19. d6 Be6 20. Bc4 Rxe7 21. dxe7 Qc7 22. Bxe6 fxe6 23. Qc4 Qxe7 24. Rae1 Qd6 25. Re4 Bxh2+ 26. Kh1 Re8 27. Rfe1 Kf7 28. b4 b6 29. bxc5 bxc5 30. Qb3 Bg3 31. Qb7+ Qe7 32. Rf1+ Kg7 33. Qc6 Rf8 34. Rb1 Bd6 35. Kg1 Rf7 36. Rbe1 e5 37. Qd5 Qf6 38. R4e2 Re7 39. Rf2 Qe6 40. Qa8 Rc7 41. Ref1 c4 42. Qd8 Rd7 43. Qc8 c3 44. Rf8 e4 45. R1f6 Qe7 46. Qc6 Be5 47. Re6 Kxf8 48. Rxe7 Kxe7 49. Kf1 d3 50. Qxe4 c2 0-1